Boston Bruins Greatest All-Time Roster - Statistics

General Stats
  • This quiz has been taken 200 times
  • The average score is 11 of 20
Answer Stats
Hint Answer % Correct
Defenseman Bobby Orr
92%
Center Patrice Bergeron
91%
Left Wing Brad Marchand
87%
Goaltender Tuukka Rask
84%
Defenseman Zdeno Chára
83%
Defenseman Ray Bourque
82%
Right Wing David Pastrňák
79%
Center Phil Esposito
74%
Center David Krejčí
60%
Left Wing Johnny Bucyk
58%
Defenseman Eddie Shore
44%
Center Milt Schmidt
42%
Right Wing Rick Middleton
40%
Defenseman Brad Park
35%
Goaltender Tiny Thompson
35%
Left Wing Wayne Cashman
27%
Right Wing Dit Clapper
25%
Right Wing Ken Hodge
20%
Left Wing Woody Dumart
12%
Defenseman Dallas Smith
8%
No matching quizzes found
Score Distribution
Percent of People with Each Score
Percentile by Number Answered
Your Score History
You have not taken this quiz